LEADER 01438nam a2200313 a 4500 001 000000127742 003 CaOOAMICUS 005 20120224100911.0 008 120224s2011 it u000 u ita r 020 $a978-88-311-4812-2 040 $aPUL$bita 082 04$a222 100 1 $aAprile, Fabrizio.$0(OLS)http://pul/name/81540 245 11$a"Non risponderai come testimone di menzogna" :$bsentieri teologici intorno all'ottava parola /$cFabrizio Aprile ; prefazione di Francesco Tomatis. 260 $aRoma :$bCittà Nuova,$c2011. 300 $a121 p. ;$c20 cm 490 1 $aContributi di teologia ;$v66 504 $aInclude riferimenti bibliografici e indice. 630 04$aBiblia.$pV.T.$pExodus$xCritica, interpretazione, ecc.$0(OLS)http://pul/subject/6714 700 1 $aTomatis, Francesco,$d1964-$0(OLS)http://pul/name/31049 830 0$aContributi di teologia ;$v66.$0(OLS)http://pul/title/23834 850 $aPUL 852 $aPUL$W1$xSL Religione 3$y85$m222 APRFA 1$j147822$qDDC 21$B146423$CPULBib$Z2$F146423 $H118212 $82 941 1 $a9 996 $6020$a978-88-311-4812-2$9(OLS)http://pul/number/148988 996 $6082$a222$9(OLS)http://pul/classification/563 996 $6245$a"Non risponderai come testimone di menzogna" :$bsentieri teologici intorno all'ottava parola$9(OLS)http://pul/title/161435 996 $6260$aRoma :$bCittà Nuova$9(OLS)http://pul/publisher/47927 LEADER 01335nam a2200325 a 4500 001 000000139312 003 CaOOAMICUS 005 20140721121922.0 008 140721s2001 it u000 u ita r 020 $a88-315-2175-6 040 $aPUL$bita 082 04$a155 100 1 $aBassanetti, Andreana.$0(OLS)http://pul/name/86168 245 13$aIl bene più grande :$bstoria di Camilla /$cAndreana Bassanetti ; prefazione di Innocenzo Gargano. 260 $aMilano :$bPaoline,$c©2001. 300 $a169 p. ;$c20 cm 490 1 $aFigli in cielo ;$v01 504 $aBibliografia in nota. 650 4$aMorte$xAspetti psicologici.$0(OLS)http://pul/subject/23689 650 4$aMorte$xAspetti religiosi.$0(OLS)http://pul/subject/4358 700 1 $aGargano, Innocenzo.$0(OLS)http://pul/name/24343 830 0$aFigli in cielo ;$v01.$0(OLS)http://pul/title/169065 850 $aPUL 852 $aPUL$W1$xDP2 Filosofia 3$y112$m155 BASAN 2$j160914$qDDC 21$B160349$CPULBib$Z2$F160349 $H102388 $82 941 1 $a9 996 $6020$a88-315-2175-6$9(OLS)http://pul/number/155770 996 $6082$a155$9(OLS)http://pul/classification/694 996 $6245$aIl bene più grande :$bstoria di Camilla$9(OLS)http://pul/title/176361 996 $6260$aMilano :$bPaoline$9(OLS)http://pul/publisher/60808